| 000 | 00311nam a22001097a 4500 | ||
|---|---|---|---|
| 082 | _a629.8 HAN'G | ||
| 100 |
_aGRABBE, E.M,RAMO, S,WOOLDRIDGE _980310 |
||
| 245 | _aHANDBOOK OF AUTOMATION, COMPUTATION AND CONTROL CONTROL FUNDAMENTALS | ||
| 260 |
_aNEWYORK _bJOHN WILEY _c1958 |
||
| 300 | _aXX,26-32P | ||
| 942 | _cBK | ||
| 999 |
_c585261 _d585261 |
||